English Counties with the highest population density - Statistics

General Stats
  • This quiz has been taken 53 times
  • The average score is 10 of 12
Answer Stats
Region Answer Density % Correct
SW Bristol 11,033
92%
SE City of London 7,773
92%
SE Greater London 14,685
92%
NW Greater Manchester 5,705
92%
NW Merseyside 5,692
90%
YK South Yorkshire 2,342
90%
YK West Yorkshire 2,963
90%
WM West Midlands 8,381
87%
SE Surrey 1,853
77%
NE Tyne and Wear 5,411
67%
EE Hertfordshire 1,868
64%
SE Berkshire 1,871
59%
No matching quizzes found
Score Distribution
Percent of People with Each Score
Percentile by Number Answered
Your Score History
You have not taken this quiz